You wouldn't want to live without cell phones! / (Record no. 3827)

MARC details
000 -LEADER
fixed length control field 01052cam a22002658i 4500
005 - DATE AND TIME OF LATEST TRANSACTION
control field 20240515135602.0
020 ## - INTERNATIONAL STANDARD BOOK NUMBER
International Standard Book Number 9780531213087 (pbk. : alkaline paper)
040 ## - CATALOGING SOURCE
Original cataloging agency DLC
Language of cataloging eng
Transcribing agency DLC
Description conventions rda
050 00 - LIBRARY OF CONGRESS CALL NUMBER
Classification number TK6570.M6
Item number 2015
082 00 - DEWEY DECIMAL CLASSIFICATION NUMBER
Classification number 621.3845
100 1# - MAIN ENTRY--PERSONAL NAME
Personal name Pipe, Jim
Dates associated with a name 1966-
245 10 - TITLE STATEMENT
Title You wouldn't want to live without cell phones! /
Statement of responsibility, etc. written by Jim Pipe ; illustrated by Rory Walker ; created and designed by David Salariya.
260 ## - PUBLICATION, DISTRIBUTION, ETC.
Place of publication, distribution, etc. New York :
Name of publisher, distributor, etc. Scholastic ;
Date of publication, distribution, etc. 2015
300 ## - PHYSICAL DESCRIPTION
Extent 32 pages :
Other physical details color illustrations : map ;
Dimensions 25 cm.
490 0# - SERIES STATEMENT
Series statement You wouldn't want to live without
505 ## - FORMATTED CONTENTS NOTE
Formatted contents note Z <br/>
520 ## - SUMMARY, ETC.
Summary, etc. Uses humor in both text and illustrations to describe what it would be like to live without the cell phone and describes how people managed to communicate in the past.
521 ## - TARGET AUDIENCE NOTE
Target audience note 1110 <br/>
Source Lexile NC <br/>
521 ## - TARGET AUDIENCE NOTE
Target audience note Z <br/>
Source Raz-Plus <br/>
650 #0 - SUBJECT ADDED ENTRY--TOPICAL TERM
Topical term or geographic name entry element Cell phones
Form subdivision Juvenile literature.
700 1# - ADDED ENTRY--PERSONAL NAME
Personal name Walker, Rory
Relator term illustrator
906 ## - LOCAL DATA ELEMENT F, LDF (RLIN)
a 7
b cbc
c orignew
d 1
e ecip
f 20
g y-gencatlg
942 ## - ADDED ENTRY ELEMENTS (KOHA)
Source of classification or shelving scheme Dewey Decimal Classification
Koha item type Books
Suppress in OPAC No
999 ## -
-- 3827
-- 3827
Holdings
Withdrawn status Lost status Source of classification or shelving scheme Damaged status Not for loan Collection Home library Current library Shelving location Date acquired Total Checkouts Full call number Barcode Date last seen Date last checked out Copy number Price effective from Koha item type
    Dewey Decimal Classification     Non-Fiction Footprints International School Library Network Toul Tom Poung Campus Footprints International School Library Network Toul Tom Poung Campus TTP Secondary Non-Fiction Bookshelves 05/15/2024 1 PIP 621.3845 TK6570.M6 FISTK05588 11/10/2025 10/31/2025 1 05/15/2024 Books
    Dewey Decimal Classification     Non-Fiction Footprints International School Library Network Toul Tom Poung Campus Footprints International School Library Network Toul Tom Poung Campus TTP Secondary Non-Fiction Bookshelves 05/15/2024   PIP 621.3845 TK6570.M6 FIS05548 12/17/2024   2 05/15/2024 Books